[Event "33rd New York Masters"]
[Site "New York"]
[Date "2002.11.12"]
[Round "3"]
[White "Burnett, Ronald"]
[Black "Shahade, Gregory"]
[Result "1-0"]
[WhiteElo "2497"]
[BlackElo "2493"]
[PlyCount "113"]
[EventDate "2002.11.12"]
[SourceDate "2002.01.21"]

1. e4 c5 2. c4 Nc6 3. g3 g6 4. Bg2 Bg7 5. Ne2 e6 6. O-O Nge7 7. Nbc3 O-O 8. d3
d6 9. Rb1 Nd4 10. Nxd4 cxd4 11. Ne2 e5 12. f4 f5 13. Qd2 Rb8 14. b3 b6 15. Ba3
Bb7 16. Qb4 Nc8 17. exf5 Bxg2 18. Kxg2 gxf5 19. fxe5 dxe5 20. Rf2 Rf7 21. Qb5
Ne7 22. Rbf1 f4 23. Bxe7 Qxe7 24. gxf4 e4 25. Ng3 exd3 26. Rd1 Rbf8 27. Qd5 Kh8
28. f5 Qg5 29. Rxd3 h5 30. f6 Qxd5+ 31. cxd5 Rxf6 32. Rxf6 Bxf6 33. Nxh5 Be5
34. Ng3 Rd8 35. Kf3 Bxg3 36. hxg3 Rxd5 37. Ke4 Ra5 38. a4 b5 39. Rxd4 bxa4 40.
Rxa4 Rb5 41. b4 a6 42. Kd4 Kg7 43. Kc4 Rb6 44. Ra5 Kg6 45. Kb3 Kf6 46. Ka4 Ke7
47. Rg5 Kf6 48. Rc5 Re6 49. Ka5 Rd6 50. Rc8 Rd3 51. Kxa6 Ra3+ 52. Kb6 Rxg3 53.
Re8 Kf7 54. Re2 Rg4 55. b5 Rg6+ 56. Kb7 Rg1 57. b6 1-0

[Event "33rd New York Masters"]
[Site "New York"]
[Date "2002.11.12"]
[Round "4"]
[White "Yudasin, Leonid"]
[Black "Shahade, Gregory"]
[Result "1/2-1/2"]
[WhiteElo "2699"]
[BlackElo "2493"]
[PlyCount "62"]
[EventDate "2002.11.12"]
[SourceDate "2002.01.21"]

1. e4 c5 2. Nf3 d6 3. c3 Nf6 4. Be2 Bg4 5. O-O e6 6. Re1 Be7 7. d4 cxd4 8. cxd4
d5 9. exd5 Nxd5 10. h3 Bh5 11. Bb5+ Nc6 12. g4 Bg6 13. Ne5 Rc8 14. Nc3 O-O 15.
Nxd5 Qxd5 16. Bc4 Qd8 17. Nxg6 hxg6 18. Be3 Nxd4 19. Bxd4 Rxc4 20. Bxa7 Qa5 21.
Be3 Bf6 22. Re2 Rd8 23. Qe1 Qc7 24. Rd1 Rxd1 25. Qxd1 Bd4 26. Qd3 Bxe3 27. Qxe3
Qc6 28. a3 Rc1+ 29. Re1 Rc2 30. Re2 Rc1+ 31. Re1 Rc2 1/2-1/2

[Event "34th New York Masters"]
[Site "New York"]
[Date "2002.11.19"]
[Round "1"]
[White "Aravena, Peter"]
[Black "Skripchenko, Almira"]
[Result "0-1"]
[WhiteElo "2228"]
[BlackElo "2547"]
[PlyCount "66"]
[EventDate "2002.11.19"]
[SourceDate "2002.01.21"]

1. Nf3 d5 2. d4 e6 3. c4 dxc4 4. e3 c5 5. Bxc4 a6 6. Qe2 b5 7. Bd3 cxd4 8. exd4
Nf6 9. Bg5 Bb7 10. O-O Be7 11. Nbd2 Nbd7 12. a4 b4 13. Rac1 O-O 14. Ne5 h6 15.
Bf4 Nb6 16. Nc6 Bxc6 17. Rxc6 Nxa4 18. Be5 Nxb2 19. Bb1 Na4 20. Qd3 g6 21. Rxe6
Nc3 22. Bc2 a5 23. Bb3 Kh7 24. Rc6 a4 25. Bc4 Nfd5 26. Ne4 Rc8 27. Nxc3 Nxc3
28. Ra6 Rxc4 29. Qxc4 a3 30. f4 f6 31. Ra7 fxe5 32. f5 Kh8 33. dxe5 Qb6+ 0-1

[Event "34th New York Masters"]
[Site "New York"]
[Date "2002.11.19"]
[Round "2"]
[White "Relange, Eloi"]
[Black "Yudasin, Leonid"]
[Result "1/2-1/2"]
[WhiteElo "2544"]
[BlackElo "2699"]
[PlyCount "77"]
[EventDate "2002.11.19"]
[SourceDate "2002.01.21"]

1. d4 Nf6 2. Nf3 e6 3. c4 b6 4. a3 Bb7 5. Nc3 d5 6. cxd5 exd5 7. g3 Be7 8. Bg2
O-O 9. O-O Nbd7 10. b4 Ne4 11. Qb3 Ndf6 12. Bf4 Bd6 13. Bxd6 Qxd6 14. Rfc1 Ng4
15. Nd1 Rae8 16. Qc2 Re7 17. h3 Nexf2 18. hxg4 Nxg4 19. Ne5 Nxe5 20. dxe5 Qxe5
21. Qd3 c5 22. bxc5 bxc5 23. Rab1 c4 24. Qf3 Ba8 25. e3 d4 26. Qf4 dxe3 27.
Qxe5 Rxe5 28. Nb2 Rg5 29. Bxa8 Rxa8 30. Kh2 h5 31. Nxc4 e2 32. Re1 Re8 33. Rb2
Rg4 34. Nd6 Re3 35. Rexe2 Rgxg3 36. Rb8+ Kh7 37. Nxf7 Rh3+ 38. Kg2 Rhg3+ 39.
Kh2 1/2-1/2

[Event "34th New York Masters"]
[Site "New York"]
[Date "2002.11.19"]
[Round "2"]
[White "Skripchenko, Almira"]
[Black "Bartell, Thomas"]
[Result "1/2-1/2"]
[WhiteElo "2547"]
[BlackElo "2219"]
[PlyCount "125"]
[EventDate "2002.11.19"]
[SourceDate "2002.01.21"]

1. e4 c5 2. Nf3 d6 3. Bb5+ Nd7 4. d4 cxd4 5. Qxd4 Ngf6 6. Nc3 e6 7. Bg5 a6 8.
Bxd7+ Bxd7 9. O-O-O Be7 10. Bxf6 gxf6 11. Qd2 Rc8 12. Nd4 b5 13. Kb1 b4 14.
Nce2 Qb6 15. f4 a5 16. e5 d5 17. g4 Bb5 18. Nxb5 Qxb5 19. exf6 Bxf6 20. g5 Be7
21. Nd4 Qc4 22. Rhe1 O-O 23. f5 Bc5 24. Nb3 Rfe8 25. fxe6 fxe6 26. g6 a4 27.
Qh6 Qxc2+ 28. Kxc2 Be3+ 29. Kd3 Bxh6 30. gxh7+ Kxh7 31. Nd4 e5 32. Nf5 Rc6 33.
Rg1 Rg6 34. Rgf1 Rg2 35. Rb1 $4 Bg7 $4 (35... Rd2#) 36. Nxg7 Kxg7 37. Rbc1 Re7
38. Rg1 Rxg1 39. Rxg1+ Kf6 40. Rg4 Rb7 41. Rh4 Kg5 42. Rh8 b3 43. a3 Rc7 44.
Rd8 Rc2 45. Rxd5 Kf4 46. Ra5 e4+ 47. Kd4 e3 48. Ra8 Rd2+ 49. Kc3 Kf3 50. Rf8+
Ke2 51. h4 Rc2+ 52. Kb4 Kd2 53. Kxa4 e2 54. Re8 Rxb2 55. h5 e1=Q 56. Rxe1 Kxe1
57. h6 Rh2 58. Kxb3 Rxh6 59. Kb4 Kd2 60. a4 Kd3 61. a5 Kd4 62. Kb5 Kd5 63. a6
1/2-1/2

[Event "35th New York Masters"]
[Site "New York"]
[Date "2002.11.26"]
[Round "2"]
[White "Krush, Irina"]
[Black "Stripunsky, Alexander"]
[Result "0-1"]
[WhiteElo "2400"]
[BlackElo "2618"]
[PlyCount "100"]
[EventDate "2002.11.26"]
[SourceDate "2002.01.21"]

1. d4 d5 2. c4 c6 3. Nc3 Nf6 4. e3 e6 5. Nf3 Nbd7 6. Qc2 Bd6 7. g4 dxc4 8. Bxc4
e5 9. g5 Nd5 10. Bd2 exd4 11. Nxd4 N7b6 12. Nxd5 cxd5 13. Bd3 Bd7 14. Nb5 Bxb5
15. Bxb5+ Kf8 16. h4 Rc8 17. Qb3 Qe7 18. Be2 Kg8 19. Rd1 g6 20. Bc3 Be5 21. Bb4
Qe6 22. f4 Bd6 23. Bc3 Qxe3 24. Bxh8 Qxb3 25. axb3 Kxh8 26. Bd3 Bxf4 27. Rf1
Bg3+ 28. Ke2 Kg7 29. Kf3 Be5 30. Rf2 Nd7 31. Re1 f6 32. Kg2 a6 33. b4 h6 34.
gxh6+ Kxh6 35. Kh3 Bd4 36. Rg2 Rg8 37. Re7 Ne5 38. Bc2 b5 39. h5 f5 40. Bxf5
Rf8 41. Bxg6 Rf3+ 42. Kh2 Nxg6 43. hxg6 Bg7 44. Re6 d4 45. Rxa6 d3 46. Ra1 Be5+
47. Kh1 Rh3+ 48. Kg1 Bd4+ 49. Rf2 Rf3 50. Raf1 d2 0-1

[Event "35th New York Masters"]
[Site "New York"]
[Date "2002.11.26"]
[Round "3"]
[White "Stein, Alan"]
[Black "Yudasin, Leonid"]
[Result "0-1"]
[WhiteElo "2385"]
[BlackElo "2699"]
[PlyCount "108"]
[EventDate "2002.11.26"]
[SourceDate "2002.01.21"]

1. e4 c5 2. Nf3 d6 3. d3 Nc6 4. Nbd2 g6 5. g3 Bg7 6. Bg2 e5 7. c3 Nge7 8. O-O
O-O 9. a3 b6 10. b4 Ba6 11. Qc2 Rc8 12. Qb1 Bb7 13. Nc4 d5 14. Ne3 d4 15. cxd4
Nxd4 16. Nxd4 exd4 17. Nc4 b5 18. bxc5 Bxe4 19. Bxe4 bxc4 20. dxc4 Rxc5 21. Bd3
Nc6 22. Bd2 Re8 23. Bb4 Rh5 24. Be4 Ne5 25. Qb3 a5 26. Be1 Qc8 27. Bg2 Nxc4 28.
Rc1 Rc5 29. Bb7 Qc7 30. Ba6 Ne5 31. Bd2 Qc6 32. Bb7 Qb5 33. Rb1 Qxb3 34. Rxb3
Nc4 35. Bf4 g5 36. Bc1 Rb8 37. Re1 Rc7 38. Bxg5 h6 39. Bd5 Rxb3 40. Re8+ Bf8
41. Bxh6 Rb5 42. Be4 f5 43. Bd3 Rc6 44. Bxf8 Kf7 45. Ra8 Re5 46. a4 Nb2 47. Bb5
Rc1+ 48. Kg2 d3 49. Ba3 d2 50. Ra7+ Kf6 51. Bxb2 d1=Q 52. Ra6+ Kf7 53. Bxe5
Qd5+ 54. Kh3 Qxe5 0-1

[Event "35th New York Masters"]
[Site "New York"]
[Date "2002.11.26"]
[Round "4"]
[White "Hess, Robert L"]
[Black "Lapshun, Yury"]
[Result "0-1"]
[WhiteElo "2022"]
[BlackElo "2506"]
[PlyCount "50"]
[EventDate "2002.11.26"]
[SourceDate "2002.01.21"]

1. e4 d6 2. d4 g6 3. Nc3 Bg7 4. f4 a6 5. Nf3 b5 6. a3 Nd7 7. Bd3 Bb7 8. O-O c5
9. d5 c4 10. Be2 Qb6+ 11. Kh1 Ngf6 12. h3 O-O 13. Re1 e6 14. dxe6 fxe6 15. e5
dxe5 16. Nxe5 Nxe5 17. fxe5 Rad8 18. Bd2 Qf2 19. Rg1 Nh5 20. Qe1 Ng3+ 21. Kh2
Bxe5 22. Bg4 Ne4+ 23. Kh1 Rxd2 24. Nxe4 Bxe4 25. Qxe4 Qg3 0-1

[Event "36th New York Masters"]
[Site "New York"]
[Date "2002.12.03"]
[Round "1"]
[White "Schneider, Igor"]
[Black "Bonin, Jay R"]
[Result "1/2-1/2"]
[WhiteElo "2202"]
[BlackElo "2445"]
[PlyCount "90"]
[EventDate "2002.12.03"]
[SourceDate "2002.01.21"]

1. e4 Nc6 2. Nf3 d6 3. Bc4 Nf6 4. d3 Na5 5. Bb5+ c6 6. Ba4 b5 7. Bb3 Nxb3 8.
axb3 e5 9. O-O Be7 10. Nc3 Bg4 11. Be3 a5 12. h3 Bh5 13. Ne2 Bxf3 14. gxf3 Nh5
15. f4 Nxf4 16. Nxf4 exf4 17. Bxf4 O-O 18. Kh2 f5 19. e5 g5 20. exd6 Bf6 21.
Bd2 Qxd6+ 22. f4 Kh8 23. Bc3 Bxc3 24. bxc3 Rg8 25. Qf3 Rae8 26. Rae1 g4 27. Qg3
Rxe1 28. Qxe1 a4 29. Qe5+ Qxe5 30. fxe5 gxh3 31. Kxh3 a3 32. Ra1 Ra8 33. Kg3
Kg7 34. Kf4 Kg6 35. Rg1+ Kf7 36. Kxf5 a2 37. Ra1 h6 38. c4 bxc4 39. bxc4 c5 40.
c3 h5 41. Kg5 Ke6 42. d4 cxd4 43. cxd4 Ra4 44. Kxh5 Rxc4 45. Rxa2 Rxd4 1/2-1/2

[Event "36th New York Masters"]
[Site "New York"]
[Date "2002.12.03"]
[Round "4"]
[White "Lapshun, Yury"]
[Black "Privman, Boris"]
[Result "1-0"]
[WhiteElo "2572"]
[BlackElo "2227"]
[PlyCount "137"]
[EventDate "2002.12.03"]
[SourceDate "2002.01.21"]

1. Nf3 e6 2. d4 f5 3. g3 Nf6 4. Bg2 d5 5. O-O Bd6 6. c4 c6 7. Bf4 O-O 8. Nbd2
Ne4 9. Qc2 Qe7 10. Bxd6 Qxd6 11. c5 Qe7 12. Ne5 Nxd2 13. Qxd2 Nd7 14. b4 Nxe5
15. dxe5 a5 16. a3 Qc7 17. Qd4 Bd7 18. Rfd1 Rfb8 19. f4 Be8 20. Bf3 b6 21. g4
bxc5 22. bxc5 Bg6 23. gxf5 Bxf5 24. e4 dxe4 25. Bxe4 Rd8 26. Qe3 Bxe4 27. Qxe4
Rd5 28. Rxd5 cxd5 29. Qd4 Rc8 30. Rc1 Qc6 31. Rc3 Rb8 32. Rf3 g6 33. h4 Rb5 34.
Rc3 Rb1+ 35. Kg2 Rb2+ 36. Kg3 Qb5 37. Qd3 Qxd3+ 38. Rxd3 Rc2 39. Rb3 Rxc5 40.
Rb6 Kf7 41. Rb7+ Kg8 42. Re7 Rc6 43. Kg4 h6 44. Ra7 Rc5 45. a4 Kf8 46. Rh7 Rc1
47. Ra7 Rc5 48. h5 gxh5+ 49. Kxh5 Rc4 50. f5 Re4 51. Kg6 exf5 52. Kf6 Kg8 53.
Ra8+ Kh7 54. Kxf5 h5 55. Rxa5 h4 56. Ra7+ Kg8 57. Ra6 h3 58. Rh6 Rxa4 59. Rxh3
d4 60. Kf6 Ra1 61. e6 Rf1+ 62. Ke7 Ra1 63. Rg3+ Kh7 64. Kf7 Rf1+ 65. Ke8 Ra1
66. e7 Ra2 67. Kd7 Ra7+ 68. Ke6 Ra6+ 69. Kf7 1-0

[Event "37th New York Masters"]
[Site "New York"]
[Date "2002.12.10"]
[Round "1"]
[White "Benjamin, Joel"]
[Black "D'Arruda, Ricardo D"]
[Result "1-0"]
[WhiteElo "2688"]
[BlackElo "2347"]
[PlyCount "71"]
[EventDate "2002.12.10"]
[SourceDate "2002.01.21"]

1. e4 c6 2. d4 d5 3. exd5 cxd5 4. c4 Nf6 5. Nc3 e6 6. Nf3 Be7 7. cxd5 Nxd5 8.
Bc4 O-O 9. O-O b6 10. Bxd5 exd5 11. Ne5 Bf6 12. Bf4 Be6 13. Rc1 Bxe5 14. dxe5
Qd7 15. Qf3 Na6 16. Rfd1 Nc7 17. Qg3 Bf5 18. e6 Nxe6 19. Rxd5 Qe7 20. Rxf5 Qb4
21. Be3 Qxb2 22. Rb5 Qa3 23. Rb3 Qa5 24. a4 Rfd8 25. h3 Rd3 26. Rb5 Qa6 27. Qe5
Rad8 28. a5 h6 29. axb6 axb6 30. Rxb6 Qc4 31. Rb8 Rxb8 32. Qxb8+ Rd8 33. Qb5
Qc8 34. Nd5 Qa8 35. Ne7+ Kh8 36. Qf5 1-0

[Event "37th New York Masters"]
[Site "New York"]
[Date "2002.12.10"]
[Round "2"]
[White "Lapshun, Yury"]
[Black "Milman, Lev"]
[Result "1-0"]
[WhiteElo "2572"]
[BlackElo "2370"]
[PlyCount "117"]
[EventDate "2002.12.10"]
[SourceDate "2002.01.21"]

1. b4 e5 2. Bb2 Bxb4 3. Bxe5 Nf6 4. c4 O-O 5. Nf3 Nc6 6. Bb2 d5 7. e3 Bg4 8.
cxd5 Nxd5 9. Be2 Qe7 10. O-O Rad8 11. a3 Bd6 12. Nc3 Nxc3 13. Bxc3 Ne5 14. Nd4
Qh4 15. f4 Bxe2 16. Qxe2 Ng4 17. h3 Nh6 18. Qf3 c5 19. Nb5 Qe7 20. Nxa7 Bb8 21.
Nb5 Nf5 22. a4 Nd6 23. Nxd6 Rxd6 24. Rfb1 b6 25. Rb5 Bc7 26. Rab1 Rdd8 27. Qb7
Rb8 28. Qc6 Rfc8 29. Qf3 Ra8 30. Kh1 Rd8 31. Qb7 Rdb8 32. Qc6 Rc8 33. Qf3 Rd8
34. Ra1 Qd6 35. d4 Qd5 36. Qxd5 Rxd5 37. a5 bxa5 38. Bxa5 Bd6 39. Bc3 Rxa1+ 40.
Bxa1 f5 41. Kg1 Kf7 42. Rb7+ Be7 43. Kf2 cxd4 44. Bxd4 g6 45. Kf3 Ke6 46. g4
fxg4+ 47. hxg4 h5 48. g5 Ra5 49. Rb6+ Kf7 50. Rb7 Ke6 51. Rb6+ Kf7 52. Be5 Ra7
53. f5 Bxg5 54. fxg6+ Ke7 55. g7 Ra8 56. Rg6 Bxe3 57. g8=Q Rxg8 58. Rxg8 Bc5
59. Rg5 1-0

[Event "37th New York Masters"]
[Site "New York"]
[Date "2002.12.10"]
[Round "3"]
[White "Schneider, Dmitry"]
[Black "Yudasin, Leonid"]
[Result "0-1"]
[WhiteElo "2513"]
[BlackElo "2721"]
[PlyCount "84"]
[EventDate "2002.12.10"]
[SourceDate "2002.01.21"]

1. e4 c5 2. Nf3 d6 3. d4 cxd4 4. Nxd4 Nf6 5. Nc3 a6 6. Be3 Ng4 7. Bc1 Nf6 8. f3
e5 9. Nb3 Be6 10. Be3 Be7 11. Qd2 O-O 12. O-O-O Nbd7 13. g4 a5 14. Bb5 Nb6 15.
Qf2 Nc4 16. Bxc4 Bxc4 17. Bb6 Qc8 18. Nxa5 Be6 19. Nb3 Qc6 20. Kb1 Ra6 21. Be3
Rfa8 22. Nc1 d5 23. g5 d4 24. gxf6 Bxf6 25. Rxd4 exd4 26. Bxd4 Be7 27. Qg3 g6
28. Qe5 f6 29. Qf4 b5 30. b3 b4 31. N3e2 Rc8 32. Qd2 Qd7 33. c4 bxc3 34. Bxc3
Qc7 35. Qb2 Ba3 36. Qd2 Rc6 37. Bxf6 Rc2 38. Qh6 Bxb3 39. axb3 Qf7 40. Bd4 Rxe2
41. Qg7+ Qxg7 42. Bxg7 Bxc1 0-1

[Event "39th New York Masters"]
[Site "New York"]
[Date "2003.01.07"]
[Round "1"]
[White "Schneider, Igor"]
[Black "Bonin, Jay R"]
[Result "0-1"]
[WhiteElo "2202"]
[BlackElo "2445"]
[PlyCount "46"]
[EventDate "2003.01.07"]
[SourceDate "2002.01.21"]

1. e4 Nc6 2. Nf3 d6 3. d4 Nf6 4. Nc3 Bg4 5. d5 Nb8 6. h3 Bxf3 7. Qxf3 c6 8. Be3
g6 9. O-O-O Nbd7 10. g4 Bg7 11. Qe2 O-O 12. f4 cxd5 13. exd5 Qa5 14. Bd4 Nb6
15. Qd2 Nbxd5 16. Kb1 Rfc8 17. g5 Nxc3+ 18. Bxc3 Rxc3 19. gxf6 Bxf6 20. f5 Rac8
21. fxg6 hxg6 22. Bd3 Qb6 23. Rhg1 Rxc2 0-1

[Event "39th New York Masters"]
[Site "New York"]
[Date "2003.01.07"]
[Round "2"]
[White "Bonin, Jay R"]
[Black "Schmaltz, Roland"]
[Result "0-1"]
[WhiteElo "2445"]
[BlackElo "2628"]
[PlyCount "64"]
[EventDate "2003.01.07"]
[SourceDate "2002.01.21"]

1. d4 Nf6 2. c4 e6 3. Nf3 b6 4. g3 Ba6 5. Nbd2 Bb4 6. Qa4 Bxd2+ 7. Bxd2 Bb7 8.
Bg2 O-O 9. Bg5 d6 10. Bxf6 Qxf6 11. O-O Be4 12. c5 Nc6 13. cxd6 cxd6 14. Rad1
Ne7 15. Rc1 Nd5 16. Ne1 Bxg2 17. Nxg2 Qg6 18. f3 f5 19. Rc6 f4 20. g4 b5 21.
Qb3 Rad8 22. e4 fxe3 23. Nxe3 Nf4 24. Nf5 Kh8 25. Nxd6 h5 26. Qe3 Rf6 27. Kh1
hxg4 28. fxg4 Qxg4 29. Rg1 Qh5 30. Rc5 Qh4 31. Rcg5 Nh3 32. Qe5 Nf2+ 0-1

[Event "39th New York Masters"]
[Site "New York"]
[Date "2003.01.07"]
[Round "2"]
[White "Golod, Vitali"]
[Black "Siegel, Noah J"]
[Result "1-0"]
[WhiteElo "2582"]
[BlackElo "2309"]
[PlyCount "100"]
[EventDate "2003.01.07"]
[SourceDate "2002.01.21"]

1. d4 d5 2. c4 c6 3. Nf3 Nf6 4. e3 g6 5. Nc3 Bg7 6. h3 O-O 7. Be2 Nbd7 8. O-O
dxc4 9. Bxc4 Qc7 10. Bd2 e5 11. Re1 e4 12. Ng5 Nb6 13. Bb3 Qe7 14. f3 exf3 15.
Qxf3 h6 16. Nge4 Nxe4 17. Qxe4 Qd6 18. Qh4 Bf5 19. Kh1 g5 20. Qf2 Bg6 21. Ne2
c5 22. Rac1 Rac8 23. Ng3 cxd4 24. Nf5 Bxf5 25. Qxf5 Rxc1 26. Bxc1 dxe3 27. Bxe3
Qf6 28. Qe4 Qxb2 29. Bc5 Rd8 30. Bxf7+ Kh8 31. Bb3 Nd7 32. Rd1 Qe5 33. Qxe5
Bxe5 34. Bxa7 Bf6 35. Rd6 Kg7 36. Bd4 Bxd4 37. Rxd4 Kf6 38. Rd6+ Ke5 39. Re6+
Kf5 40. Rxh6 Nc5 41. Rb6 Nxb3 42. axb3 Kf4 43. Rb4+ Kf5 44. Rxb7 g4 45. Rb5+
Kf4 46. Rb4+ Kg3 47. Rxg4+ Kf2 48. Kh2 Rb8 49. b4 Rb5 50. Rc4 Ke2 1-0

[Event "39th New York Masters"]
[Site "New York"]
[Date "2003.01.07"]
[Round "3"]
[White "Schneider, Dmitry"]
[Black "Golod, Vitali"]
[Result "0-1"]
[WhiteElo "2414"]
[BlackElo "2532"]
[Annotator "Golod, V"]
[PlyCount "82"]
[EventDate "2003.01.07"]
[Source "ChessBase"]
[SourceDate "2003.04.01"]

1. e4 e5 2. Nf3 Nc6 3. Bb5 a6 4. Ba4 Nf6 5. d3 d6 6. c3 g6 7. Nbd2 Bg7 8. Nf1
$5 (8. O-O $5 {
See comments to Cao Sang-Golod,V/Ohrid 2001/CBM 84(1-0)(Golod,V)(40)}) 8... O-O
9. Bg5 $5 {
Novelty,from the point of view of my games.Before with me played:9.Ng3} h6 10.
Bh4 b5 11. Bb3 ({It deserves attention:} 11. Bc2) 11... Na5 ({
Is a possible continuation of the play:} 11... Be6 $5 12. Ne3 Qd7 13. Bxf6 Bxf6
14. h4 h5 15. Ng5 Bxb3 16. axb3 Bxg5 17. hxg5 Qe7 18. g4 h4 19. Rxh4 Qxg5 20.
Rh1 Kg7 $11 {Volokitin,A-Levin,F/Lvov,2001(1/2-1/2)(29)}) 12. Bc2 c5 {
Here I had choice between it and next continuation:} (12... d5 $5 13. Nxe5 Re8
14. d4 (14. Bxf6 $143 Bxf6 15. d4 $11 (15. Nf3 $6 dxe4 16. dxe4 Nc4 $36)) 14...
g5 15. Bg3 Nxe4 $13) 13. Ne3 Bb7 $146 ({Were checked in the preceding games:} 
13... Be6 14. d4 exd4 15. cxd4 g5 16. Bg3 d5 17. exd5 (17. e5 $5) 17... Nxd5
18. O-O Nb4 $13 {Bitansky,I-Mikhalevski,A/Tel-Aviv,2002(0-1)(40)}) ({and} 13...
Nc6 14. h3 Be6 15. Nh2 Qd7 16. g4 Nh7 17. Qf3 $11 {
Smyslov,V-Konstantinopolsky,A/Sverdlovsk,1943(1-0)(61)}) 14. b4 ({
Pretty dubiously:} 14. g4 {because of:} d5 $1 $36) ({Can be recommended:} 14.
O-O $5) 14... cxb4 15. cxb4 Nc6 16. a3 (16. Nd5 $2 {is refuted by:} g5 17. Nxg5
$140 (17. Nxf6+ Qxf6 18. Bg3 Nxb4) 17... Nxd5 18. exd5 Nd4 $1 $19) 16... Ne7
$11 {I take under the control a point "d5".} 17. O-O Rc8 18. Bb3 Qd7 {
The contenders make useful moves.} 19. Qd2 Nh5 20. Bxe7 $6 {
White wrongly exchange pieces.It was better:} (20. Rac1 {<->c}) 20... Qxe7 21.
Nd5 $6 (21. Bd5 $142) 21... Bxd5 22. Bxd5 Nf4 23. Bb3 $6 ({Also dubiously:} 23.
Ba2 {in view of:} Rc3 24. Bb1 Rfc8 {=/+/-/+} (24... Qd7 $5)) (23. Rac1 $142
Nxd5 24. exd5 Qb7 25. Qa2 $15) 23... Qd7 {
Only after I have made this move,I has noticed stronger continuation:} (23...
Rc3 $1) 24. h3 ({A little bit better is:} 24. Ne1 Rc3 25. Qd1) 24... Rc3 $1 $17
25. Bc2 $8 Rfc8 26. Ra2 h5 $1 {I enter in game last reserve.} 27. Kh2 Bh6 28.
Bb1 Kg7 29. Qd1 Rc1 $5 ({Also good enough:} 29... Nxh3 $5 30. gxh3 $140 Rc1 31.
Qe2 Rxf1 32. Qxf1 Rc1 $17) 30. Qxc1 Rxc1 31. Rxc1 Nxg2 32. Rc3 $2 ({
More stubborn resistance after:} 32. Rd1 Nf4 33. Ng1) 32... Nf4 33. Ng1 d5 $1 {
Now mine queen will penetrate into camp of the contender.} 34. Rac2 dxe4 35.
dxe4 Qd1 36. Rc1 Qd2 37. R3c2 ({It is hardly better:} 37. R1c2 Qe1 38. Ba2 Qf1
39. Rg3 (39. f3 $143 Nd3) 39... Nd3 $19) 37... Qd4 38. Nf3 $2 $138 {
Decisive mistake.} (38. Re1 $142 Qd3 39. Ra2 Qb3 {-/+/-+}) 38... Qxe4 39. Rc3
Qe2 40. Kg3 (40. R1c2 Qf1) 40... h4+ $1 {Final chord!} 41. Nxh4 $8 (41. Kxh4
Qxf2+ 42. Kg4 Qg2+ 43. Kh4 Qxh3#) 41... Qh5 $1 0-1

[Event "39th New York Masters"]
[Site "New York"]
[Date "2003.01.07"]
[Round "4"]
[White "Yudasin, Leonid"]
[Black "Siegel, Noah J"]
[Result "1-0"]
[WhiteElo "2721"]
[BlackElo "2309"]
[PlyCount "41"]
[EventDate "2003.01.07"]
[SourceDate "2002.01.21"]

1. e4 c6 2. d4 d5 3. e5 Bf5 4. c3 e6 5. Be3 Ne7 6. Nd2 Nd7 7. f4 h5 8. Be2 h4
9. Ngf3 Bg4 10. O-O Nf5 11. Bf2 Be7 12. Re1 Qb6 13. b4 a5 14. a3 a4 15. c4 O-O
16. c5 Qa7 17. h3 Bh5 18. Bd3 Qb8 19. Bxf5 exf5 20. Qc2 b5 21. Qxf5 1-0

[Event "40th New York Masters"]
[Site "New York"]
[Date "2003.01.21"]
[Round "1"]
[White "Kedyk, Dmitry"]
[Black "Kacheishvili, Giorgi"]
[Result "1/2-1/2"]
[WhiteElo "2265"]
[BlackElo "2681"]
[PlyCount "89"]
[EventDate "2003.01.21"]
[SourceDate "2002.01.21"]

1. e4 c5 2. Nf3 d6 3. d4 cxd4 4. Nxd4 Nf6 5. Nc3 Nc6 6. Bg5 e6 7. Qd2 a6 8.
O-O-O Nxd4 9. Qxd4 Be7 10. f4 b5 11. Bxf6 gxf6 12. Kb1 Qc7 13. f5 Qc5 14. fxe6
fxe6 15. Qd3 Bd7 16. Ne2 Rc8 17. Nd4 Bd8 18. Be2 Bb6 19. Qh3 Ke7 20. Bg4 Qe5
21. Nf3 Qxe4 22. Rhe1 Qxc2+ 23. Ka1 Kd8 24. Qh6 Qg6 25. Qd2 Rc6 26. Bxe6 Re8
27. Bxd7 Kxd7 28. Rxe8 Qxe8 29. Nd4 Bxd4 30. Qxd4 Qe2 31. Rb1 Qxg2 32. Qxf6
Qxh2 33. Qf7+ Kc8 34. Qa7 Qf4 35. Qa8+ Kd7 36. Qb7+ Rc7 37. Qxa6 Qc4 38. Qa3 b4
39. Qa4+ Kd8 40. Qa8+ Kd7 41. Qa4+ Kd8 42. Qa8+ Kd7 43. Qh1 Kc8 44. Qa8+ Kd7
45. Qh1 1/2-1/2

[Event "40th New York Masters"]
[Site "New York"]
[Date "2003.01.21"]
[Round "2"]
[White "D'Arruda, Ricardo D"]
[Black "Kreiman, Boris"]
[Result "1/2-1/2"]
[WhiteElo "2347"]
[BlackElo "2575"]
[PlyCount "95"]
[EventDate "2003.01.21"]
[SourceDate "2002.01.21"]

1. Nf3 d5 2. d4 c6 3. c4 Nf6 4. Nc3 dxc4 5. a4 Bf5 6. e3 e6 7. Bxc4 Bb4 8. O-O
Nbd7 9. Qe2 Bg6 10. Ne5 Nxe5 11. dxe5 Nd5 12. Nxd5 exd5 13. Bd3 Qe7 14. f4 Bxd3
15. Qxd3 O-O 16. b3 f6 17. Bb2 fxe5 18. fxe5 Qe6 19. Rf4 Bc5 20. Raf1 Rxf4 21.
Rxf4 Bb6 22. g3 Re8 23. Kg2 Bc7 24. Rf5 Qg6 25. Qf1 Qg4 26. Rf4 Qe6 27. Rf5 Qe7
28. h4 g6 29. Rf6 Bxe5 30. Bxe5 Qxe5 31. Rf7 Re7 32. Rf4 Kg7 33. Qf3 a5 34. Kh3
Qe6+ 35. Kh2 h5 36. Qf2 Rf7 37. Qb2+ Kh7 38. Rxf7+ Qxf7 39. Qe5 Qd7 40. Qc3 b6
41. Qf6 Qc7 42. Qd4 Qb7 43. Qc3 c5 44. Qe5 Qd7 45. Kg1 Qg4 46. Qe7+ Kg8 47.
Qe8+ Kg7 48. Qe7+ 1/2-1/2

[Event "40th New York Masters"]
[Site "New York"]
[Date "2003.01.21"]
[Round "3"]
[White "Braylovsky, Gregory"]
[Black "Kacheishvili, Giorgi"]
[Result "1/2-1/2"]
[WhiteElo "2396"]
[BlackElo "2681"]
[PlyCount "128"]
[EventDate "2003.01.21"]
[SourceDate "2002.01.21"]

1. e4 c5 2. Nf3 d6 3. d4 cxd4 4. Qxd4 Nf6 5. e5 dxe5 6. Qxd8+ Kxd8 7. Nxe5 Be6
8. Nc3 Nfd7 9. Bf4 f6 10. Nxd7 Bxd7 11. Bxb8 Rxb8 12. O-O-O Kc7 13. Nb5+ Bxb5
14. Bxb5 a6 15. Bc4 e5 16. Rd5 Rd8 17. Rxd8 Kxd8 18. Kd2 Kc7 19. Ke2 Bd6 20. h4
h5 21. Bd3 Kd7 22. Bf5+ Ke7 23. Rd1 Rh6 24. Bc8 b6 25. Bxa6 Rg6 26. g3 Rg4 27.
Bc8 Re4+ 28. Kf3 Ra4 29. Bf5 Rxa2 30. b3 Ra8 31. Bg6 Rh8 32. Ra1 Bc7 33. Ra7
Kd6 34. Ke4 Kc6 35. Kf3 Rh6 36. Be4+ Kd6 37. Ra8 g6 38. Rg8 f5 39. Bb7 b5 40.
c4 bxc4 41. bxc4 Bb6 42. Bd5 e4+ 43. Ke2 Ke5 44. Re8+ Kd4 45. f3 exf3+ 46. Kxf3
Bc7 47. Re6 Rh8 48. Rxg6 Rb8 49. Rg5 Rb3+ 50. Kg2 Rb2+ 51. Kh3 Rb3 52. Kg2 Rb2+
53. Kh3 f4 54. gxf4 Bxf4 55. Rxh5 Ke3 56. Kg4 Rb1 57. Rh7 Be5 58. h5 Rf1 59.
Re7 Kd4 60. h6 Rg1+ 61. Kf5 Rf1+ 62. Ke6 Rf6+ 63. Kd7 Rxh6 64. Re6 Rh7+ 1/2-1/2

[Event "40th New York Masters"]
[Site "New York"]
[Date "2003.01.21"]
[Round "3"]
[White "Daftani, Marajudin"]
[Black "Tamarkin, Larry S"]
[Result "1-0"]
[WhiteElo "1978"]
[BlackElo "2150"]
[PlyCount "79"]
[EventDate "2003.01.21"]
[SourceDate "2002.01.21"]

1. Nf3 Nf6 2. c4 d6 3. Nc3 g6 4. d4 Bg7 5. e4 O-O 6. Be2 Nbd7 7. O-O e5 8. dxe5
dxe5 9. Bg5 h6 10. Bh4 c6 11. Qc2 Qc7 12. b4 Re8 13. Nd2 Nf8 14. Nb3 Ne6 15.
Rfd1 Nd4 16. Nxd4 exd4 17. Rxd4 Nh5 18. Rdd1 Nf4 19. Bf1 f5 20. Rac1 fxe4 21.
Nxe4 Bf5 22. Re1 Re6 23. c5 Kh8 24. Bc4 Nd5 25. f3 a5 26. b5 Bd4+ 27. Kh1 Be5
28. b6 Qg7 29. g4 Bxe4 30. Rxe4 Qf7 31. Qe2 Rae8 32. Re1 Nc3 33. Bxe6 Rxe6 34.
Qe3 Nxe4 35. Qxe4 Bg3 36. Qd4+ Kh7 37. Rxe6 Bxh4 38. Qe4 Qg7 39. Qe5 Qf7 40.
Qc7 1-0